000 00724nam a2200205 a 4500
001 BRCA_8880
005 20190320210439.0
008 140617m18941895mx-#######---#000-0#spa-#
041 _aspa
044 _amx
084 _aCO1
_b.S66 1894
245 1 0 _aLa sombra de Hidalgo
_bperiódico semanario, dedicado exclusivamente a la defensa del espiritismo.
260 _aMéxico
_c1894-1895
300 _a1v. (varias paginaciones) Num.50 (t.1)
_c32 x 22.5 cm
500 _aEstado físico: se presenta 50 números de periódicos semanarios encuadernados
500 _aPeriódico inventariaro por el Banco de México como libro
650 1 4 _aEspiritualismo
_vPublicaciones periódicas
_922103
902 _aCFM
942 _2lcc
_cB
999 _c8531
_d8531